Central Library OPAC University of Rajshahi

Mathematical analysis / (Record no. 51399)

MARC details
000 -LEADER
fixed length control field 00805nam a2200289I 4500
001 - CONTROL NUMBER
control field 51399
003 - CONTROL NUMBER IDENTIFIER
rucl marc code BD-RJUL
005 - DATE AND TIME OF LATEST TRANSACTION
control field 20211209075644.0
008 - FIXED-LENGTH DATA ELEMENTS--GENERAL INFORMATION
fixed length control field 750115s1966 ENK eng c
020 ## - INTERNATIONAL STANDARD BOOK NUMBER
International Standard Book Number 0050023462
035 ## - SYSTEM CONTROL NUMBER
System control number BD-RJUL51519
System control number (OCoLC)01142086
System control number GLIS00000829
040 ## - CATALOGING SOURCE
Original cataloging agency M.I.T.
Language of cataloging eng
Transcribing agency BD-RjUL
041 ## - LANGUAGE CODE
Language code of text/sound track or separate title eng
082 ## - DEWEY DECIMAL CLASSIFICATION NUMBER
Edition number 23
Classification number 515
Author mark and year FLM 1966
090 ## - LOCALLY ASSIGNED LC-TYPE CALL NUMBER (OCLC); LOCAL CALL NUMBER (OCLC)
Classification number (OCLC) (R) ; Classification number, CALL (RLIN) (NR) QA300
Local cutter number (OCLC) ; Book number/undivided call number, CALL (RLIN) .F84 1971
099 ## - LOCAL FREE-TEXT CALL NUMBER (OCLC)
Bangla Class number QA300.F84 1971
100 1# - MAIN ENTRY--PERSONAL NAME
Personal name Flett, T.M.
9 (RLIN) 153749
245 10 - TITLE STATEMENT
Title Mathematical analysis /
Statement of responsibility, etc. T.M. Flett
260 ## - PUBLICATION, DISTRIBUTION, ETC. (IMPRINT)
Place of publication, distribution, etc. New York :
Name of publisher, distributor, etc. Barnes & Noble
Date of publication, distribution, etc. 1966
300 ## - PHYSICAL DESCRIPTION
Pagination 439 p. :
Illustrations ill. ;
Size 22 cm.
490 1# - SERIES STATEMENT
Series statement University mathematical texts
650 #0 - SUBJECT ADDED ENTRY--TOPICAL TERM
Topical term or geographic name as entry element Mathematical analysis.
9 (RLIN) 153750
830 #0 - SERIES ADDED ENTRY--UNIFORM TITLE
Uniform title University mathematical texts.
942 ## - ADDED ENTRY ELEMENTS (KOHA)
Source of classification or shelving scheme Dewey Decimal Classification
Koha item type Books
Holdings
Lost status Source of classification or shelving scheme Damaged status Not for loan Collection code Permanent Location Current Location Shelving location Date acquired Source of acquisition Cost, normal purchase price Total Checkouts Full call number Date last seen Copy number Koha item type
  Dewey Decimal Classification     Non-fiction Central Library, University of Rajshahi Central Library, University of Rajshahi   28/07/1973 Kamrul book house, Dhaka. 99.00   515 FLM 1966 30/08/2016 C-2 Books
  Dewey Decimal Classification     Non-fiction Central Library, University of Rajshahi Central Library, University of Rajshahi   21/10/1969 Zeitlinger 90.00   515 FLM 1966 03/11/2016 C-3 Books
  Dewey Decimal Classification   Not For Loan Non-fiction Central Library, University of Rajshahi Central Library, University of Rajshahi Reading Room 20/10/2024 Registrar, R.U.     515 FLM 1966 22/10/2024 C-1 Books